000 00832nam a22001817a 4500
003 OSt
005 20251217110221.0
008 251217b |||||||| |||| 00| 0 eng d
040 _cDCL
082 _a၂၉၇.၁၂၂
100 0 _aမင်းနိုင်၊
_cမောင်၊ ဝါးခယ်မ-
245 1 0 _aကမ္ဘာ့လမ်းညွှန် ကုရ်အာန် = Ai-Qur'an : Guidance For Humanity /
_cဝါးခယ်မ မောင်မင်းနိုင်။
250 _aစတုတ္တအကြိမ်။
260 _aရန်ကုန် ၊
_bဃာဇီစာပေ၊
_c၂၀၂၃။
300 _a၆၀၉ စာမျက်နှာ ၊
_c၂၃ စင်တီ။
650 _aကိုရ်အာန်
942 _2ddc
_cSHORT TERM
_n0
999 _c2745
_d2745